00963nam a2200241 a 450000100100000000500170001000800410002702000180006804000250008608200180011110000660012924501400019525000120033526000550034730000210040249000170042350000740044050400420051450000550055665000450061165000480065683000170070400001797120241015091655.0100408s2010 dr 001 0 spa d a9789945871524 aDO-SdBNPbspacBNPHU a347.05bG993p1 aGuzmán A., Fabio J.q(Fabio José Guzmán Ariza), d1949-13aEl procedimiento en defecto en materia civil y comercial :bdespúes de las reformas de la ley 845 de 1978 /cFabio J. Guzmán Ariza. a2a. ed. aSanto Domingo :bGaceta Judicial,c2010.fCorripio a209 p. ;c23 cm.1 aMonografía aIncluye referencias biobliográficas y notas al pie de las páginas aIncluye bibliografía (p. 202 - 209) aIncluye datos biográficos del autor en la solapa 4aDerecho procesalzRepública Dominicana 4aProcedimiento civilzRepública Dominicana 0aMonografía